000 00611nam a2200193 i 4500
001 35791
003 ES-MaACL
005 20250801131929.0
007 t|
008 030214s1972 sp ||||1| spa d
100 1 _aBracaforte, Benito.
_931229
245 1 0 _aBenedetto Croce y su crítica de la Literatura española /
_cBenito Bracaforte ; traducción española de Juan Conde.
260 _aMadrid :
_bGredos,
_c[1972]
300 _a152 p. ;
_c20 cm.
600 1 4 _aCroce, Benedetto,
_d1866-1952
_9241508
700 1 _aConde, Juan.
_940099
852 _aES-MaACL
_jC-48057
_bR.82152
999 _c35791
_d35791